000 00483nam a2200145Ia 4500
008 100204s9999 xx 000 0 und d
082 _b6962
100 _aकुलकर्णी जी. ए.
245 _aएक अरबी कहाणी
260 _b"विश्वमोहिनी प्रकाशन , पुणे"
_c1983
300 _a255
630 _aएक अरबी कहाणी
730 _aएक अरबी कहाणी
942 _cBOOK
999 _c451400
_d451397